| 000 | 00857nam a22002897a 4500 | ||
|---|---|---|---|
| 008 | 130720b xxu||||| |||| 00| 0 eng d | ||
| 020 | _a81-203-2242-8 | ||
| 024 | _cAvailable | ||
| 037 | _cAvailable | ||
| 040 |
_aMBSTU LIBRARY _dMBSTU LIBRARY |
||
| 082 |
_222 _a005.1 GHF |
||
| 100 | _aGhezzi, Carlo. | ||
| 110 | _aMehdi Jazayeri and Dino Mandrioli. | ||
| 245 | _aFundamentals of software engineering. | ||
| 250 | _a2nd | ||
| 260 |
_aNew Delhi _bPrentice Hall of India _c2003 |
||
| 300 |
_a24 cm. _bxx, 604 page _f10 _g24 cm. |
||
| 440 | _aThe I series. | ||
| 600 | _2Software engineering. | ||
| 650 | _2Software engineering. | ||
| 700 | _aGhezzi, Carlo. | ||
| 710 | _aMehdi Jazayeri and Dino Mandrioli. | ||
| 270 |
_aNew Delhi _bNew Delhi _dIndia |
||
| 365 |
_b382.00 _d382.00 |
||
| 942 |
_2ddc _cBK |
||
| 999 |
_c579 _d579 |
||